000
00300nam a22001337a 4500
008
170126b xxu||||| |||| 00| 0 eng d
020
_a
9780071790277
041
_a
eng
080
_2
3RD
_a
61
100
_a
3
101
_a
SHM
245
_a
CHOOSING AMEDICAL SPECIALTY
_c
FREEMAN, B.S
942
_2
udc
_c
BK
999
_c
3816
_d
3816